000 00848nam a2200217Ia 4500
003 Ost
005 20260507075134.0
008 260507s9999||||xx |||||||||||||| ||und||
020 _a14465673977
040 _cfsecg
041 _aara
082 _a330
100 _aشفيق، منى
_eمؤلف
245 0 _aالتسويق بالعلاقات /
_c منى شفيق
260 _aالقاهرة:
_bامبرشن,
_c2005
300 _a115 صفحة؛
_bإيضاحات ؛
_c24 سم
490 _aالمنظمة العربية للتنمية الإدارية
520 _aمقدمة في التسويق بالعلاقات- أبعاد التسويق بالعلاقات- خطوات تطبيق التسويق بالعلاقات- مبادئ واشتراطات نجاح تطبيق بالعلاقات.
653 _aالتسويق
942 _cكتاب
999 _c43243
_d43243